000 00486nam a22001817a 4500
999 _c6194
_d6192
005 20210826125310.0
008 200517b xxu||||| |||| 00| 0 eng d
020 _a9789388108461
041 _aeng
082 _a615.58 THA
100 _aTHAKARE VAISHALI
_95360
245 _aEXPERIMENTAL AND CLINICAL PHARMACOLOGY WITH SPECIAL TOPICS
250 _a1'ST
260 _aNEW DELHI
_bCBS Publishers and distributors
_c2019
300 _a268,vii
650 _aPHARMACY
_96736
942 _cBK